[Event "ITA-ch U20"]
[Site "Tarvisio"]
[Date "2023.07.04"]
[Round "3"]
[White "Zavattero, Andrea"]
[Black "Cosci, Martino"]
[Result "1-0"]
[WhiteElo "1877"]
[BlackElo "1471"]
[PlyCount "45"]
[EventDate "2023.07.02"]
[EventType "swiss"]
[EventRounds "9"]
[EventCountry "ITA"]
[SourceTitle "EXT 2024"]
[Source "ChessBase"]
[SourceDate "2023.10.10"]
[SourceVersion "1"]
[SourceVersionDate "2023.10.10"]
[SourceQuality "1"]

1. d4 d5 2. c4 e6 3. Nc3 a6 4. cxd5 exd5 5. Qc2 Nc6 6. Qd1 Bf5 7. a3 h6 8. Bf4 Nf6 9. e3 Bd6 10. Bxd6 Qxd6 11. Be2 0-0 12. Nf3 Rfe8 13. 0-0 Na5 14. Qa4 Qb6 15. b4 Nc4 16. Nxd5 Nxd5 17. Bxc4 Qd6 18. Qb3 c6 19. Rac1 Rad8 20. Rfe1 Qe7 21. Ne5 Be4 22. f3 Qg5 23. fxe4 1-0